00772nam a22002417a 450000500170000001000110001702000100002803500110003803700160004904000120006508200130007710000260009024500440011626000390016027000340019930000220023350000500025565000340030565000320033994200220037199900190039395201180041220170124110009.0 a349622 c00.00 a349622 bCen Lib/Ret aDPLbEN a371bPRI aPrice, Mary R.917449 aTeaching is a career /cby Mary R.Price aLondonbMuseum Press Limitedc1964 a26, Old Brompton RoadbLondon a128p. :c18cm(Hb) aIncludes bibliographical references and index aRight kind of teacher.917450 aThe art of teaching.917451 2ddccENh371mPRI c126407d126407 00104070aLbLd2015-06-25eCen Lib/Retg0.00l0o371 PRIp349622r2015-06-25 00:00:00t1v0.00w2015-06-25yEN